000 01333cam a22003375a 4500
001 14784588
003 EG-ScBUE
005 20220508152950.0
008 070326t2007 enka f b 001 0 eng d
020 _a9780826496584 (pbk.)
035 _a(OCoLC)ocn122309307
035 _a(OCoLC)122309307
040 _aDLC
_beng
_erda
_cDLC
_dEG-ScBUE
_dEG-ScBUE
082 0 4 _a418.0071
_bFAR
_222
100 1 _aFarrell, Thomas S. C.
_q(Thomas Sylvester Charles)
_eauthor.
_95952
245 1 0 _aReflective language teaching :
_bfrom research to practice /
_cThomas S. C. Farrell.
264 1 _aLondon ;
_aNew York :
_bContinuum,
_c[2007]
264 4 _cc2007
300 _aviii, 202 pages :
_billustrations ;
_c24 cm
336 _2rdacontent
_atext
_btxt
337 _2rdamedia
_aunmediated
_bn
338 _2rdacarrier
_avolume
_bnc
504 _aIncludes bibliographical references and index.
650 7 _aLanguage and languages
_xStudy and teaching.
_2BUEsh
_95953
651 _2BUEsh
653 _bHHUUEENN
_cAugust2018
655 _vReading book
_934232
856 4 1 _3Table of contents only
_uhttp://www.loc.gov/catdir/toc/ecip0714/2007012696.html
942 _2ddc
_cBB
999 _c11777
_d11777